Climate change and chemicals:environmental and biological aspects (Record no. 367906)
[ view plain ]
| 000 -LEADER | |
|---|---|
| fixed length control field | 005070000a22002050004500 |
| 050 ## - LIBRARY OF CONGRESS CALL NUMBER | |
| Classification number | 010 |
| 060 ## - NATIONAL LIBRARY OF MEDICINE CALL NUMBER | |
| Classification number | 100 |
| 082 ## - DEWEY DECIMAL CLASSIFICATION NUMBER | |
| Classification number | 551.6 KIB |
| 100 ## - MAIN ENTRY--PERSONAL NAME | |
| Personal name | Haroon, Yusuf |
| Date of a work | AK |
| 100 ## - MAIN ENTRY--PERSONAL NAME | |
| Personal name | Kibria, Glom |
| 100 ## - MAIN ENTRY--PERSONAL NAME | |
| Personal name | Negegoda |
| 100 ## - MAIN ENTRY--PERSONAL NAME | |
| Personal name | Rose, Gavin |
| 245 ## - TITLE STATEMENT | |
| Title | Climate change and chemicals:environmental and biological aspects |
| 260 ## - PUBLICATION, DISTRIBUTION, ETC. (IMPRINT) | |
| Place of publication, distribution, etc. | New Delhi, New India publishing agency |
| 260 ## - PUBLICATION, DISTRIBUTION, ETC. (IMPRINT) | |
| Date of publication, distribution, etc. | 2010 |
| 300 ## - PHYSICAL DESCRIPTION | |
| Extent | 460 |
| 650 ## - SUBJECT ADDED ENTRY--TOPICAL TERM | |
| Topical term or geographic name as entry element | Chemical impact |
| 650 ## - SUBJECT ADDED ENTRY--TOPICAL TERM | |
| Topical term or geographic name as entry element | Climate change impacts |
| 942 ## - ADDED ENTRY ELEMENTS (KOHA) | |
| Koha item type | Books (General) |
| Withdrawn status | Lost status | Damaged status | Not for loan | Home library | Current library | Date acquired | Total Checkouts | Full call number | Barcode | Date last seen | Price effective from | Koha item type | Date checked out |
|---|---|---|---|---|---|---|---|---|---|---|---|---|---|
| College of Agriculture, Vellayani | College of Agriculture, Vellayani | 02/05/2014 | 551.6 KIB | KAU_COAV-27383 | 02/05/2014 | 02/05/2014 | Books (General) | ||||||
| College of Agriculture, Vellayani | College of Agriculture, Vellayani | 02/05/2014 | 1 | 551.6 KIB | KAU_COAV-27428 | 02/05/2023 | 02/05/2014 | Books (General) | 17/04/2023 | ||||
| College of Agriculture, Vellayani | College of Agriculture, Vellayani | 02/05/2014 | 1 | 551.6 KIB | KAU_COAV-27429 | 10/04/2019 | 02/05/2014 | Books (General) | 01/04/2019 |
